<?xml version="1.0" encoding="UTF-8"?>
<record
    xmlns:xsi="http://www.w3.org/2001/XMLSchema-instance"
    xsi:schemaLocation="http://www.loc.gov/MARC21/slim http://www.loc.gov/standards/marcxml/schema/MARC21slim.xsd"
    xmlns="http://www.loc.gov/MARC21/slim">

  <leader>03590cam a22003495a 4500</leader>
  <datafield tag="999" ind1=" " ind2=" ">
    <subfield code="c">27506</subfield>
    <subfield code="d">27477</subfield>
  </datafield>
  <controlfield tag="001">20589726</controlfield>
  <controlfield tag="005">20190601110448.0</controlfield>
  <controlfield tag="008">180719t2018    nyu    frb    001 0deng d</controlfield>
  <datafield tag="010" ind1=" " ind2=" ">
    <subfield code="a">  2018404338</subfield>
  </datafield>
  <datafield tag="020" ind1=" " ind2=" ">
    <subfield code="a">9780062802187</subfield>
  </datafield>
  <datafield tag="020" ind1=" " ind2=" ">
    <subfield code="a">0062802186</subfield>
  </datafield>
  <datafield tag="035" ind1=" " ind2=" ">
    <subfield code="a">(OCoLC)on1029739025</subfield>
  </datafield>
  <datafield tag="040" ind1=" " ind2=" ">
    <subfield code="a">FMG</subfield>
    <subfield code="b">eng</subfield>
    <subfield code="c">FMG</subfield>
    <subfield code="d">FMG</subfield>
    <subfield code="d">OCLCQ</subfield>
    <subfield code="d">QQ3</subfield>
    <subfield code="d">JAS</subfield>
    <subfield code="d">GK6</subfield>
    <subfield code="d">UOK</subfield>
    <subfield code="d">OBE</subfield>
    <subfield code="d">FM0</subfield>
    <subfield code="d">IUK</subfield>
    <subfield code="d">BUR</subfield>
    <subfield code="d">OBE</subfield>
    <subfield code="d">VP@</subfield>
    <subfield code="d">CN5O4</subfield>
    <subfield code="d">BDX</subfield>
    <subfield code="d">LIV</subfield>
    <subfield code="d">NDS</subfield>
    <subfield code="d">D9M</subfield>
    <subfield code="d">TCH</subfield>
    <subfield code="d">TUL</subfield>
    <subfield code="d">OCLCF</subfield>
    <subfield code="d">IAC</subfield>
    <subfield code="d">OSU</subfield>
    <subfield code="d">YDX</subfield>
    <subfield code="d">MYL</subfield>
    <subfield code="d">TME</subfield>
    <subfield code="d">CHVBK</subfield>
    <subfield code="d">OCLCO</subfield>
    <subfield code="d">CPCBT</subfield>
    <subfield code="d">KG7</subfield>
    <subfield code="d">OCLCQ</subfield>
    <subfield code="d">SMU</subfield>
    <subfield code="d">KZS</subfield>
    <subfield code="d">OCLCQ</subfield>
    <subfield code="d">TXMAL</subfield>
    <subfield code="d">OCLCA</subfield>
    <subfield code="d">BV1</subfield>
    <subfield code="d">Y#4</subfield>
    <subfield code="d">VLW</subfield>
    <subfield code="d">SISMU</subfield>
    <subfield code="d">YS@</subfield>
    <subfield code="d">MQP</subfield>
    <subfield code="d">ETC</subfield>
    <subfield code="d">M@S</subfield>
    <subfield code="d">M4L</subfield>
    <subfield code="d">FIE</subfield>
    <subfield code="d">TXHLC</subfield>
    <subfield code="d">YT6</subfield>
    <subfield code="d">ICV</subfield>
    <subfield code="d">TKN</subfield>
    <subfield code="d">DLC</subfield>
    <subfield code="d">EG-ScBUE</subfield>
  </datafield>
  <datafield tag="043" ind1=" " ind2=" ">
    <subfield code="a">n-us---</subfield>
  </datafield>
  <datafield tag="082" ind1="0" ind2="4">
    <subfield code="a">320.533</subfield>
    <subfield code="b">ALB</subfield>
    <subfield code="2">22</subfield>
  </datafield>
  <datafield tag="100" ind1="1" ind2=" ">
    <subfield code="a">Albright, Madeleine Korbel.</subfield>
  </datafield>
  <datafield tag="245" ind1="1" ind2="0">
    <subfield code="a">Fascism :</subfield>
    <subfield code="b">a warning /</subfield>
    <subfield code="c">Madeleine Albright, with Bill Woodward.</subfield>
  </datafield>
  <datafield tag="250" ind1=" " ind2=" ">
    <subfield code="a">1st ed.</subfield>
  </datafield>
  <datafield tag="260" ind1=" " ind2=" ">
    <subfield code="a">New York :</subfield>
    <subfield code="b">Harper / HarperCollins Publishers,</subfield>
    <subfield code="c">c.2018.</subfield>
  </datafield>
  <datafield tag="300" ind1=" " ind2=" ">
    <subfield code="a">288 p. ;</subfield>
    <subfield code="c">24 cm.</subfield>
  </datafield>
  <datafield tag="504" ind1=" " ind2=" ">
    <subfield code="a">Includes bibliographical references (pages [259]-270) and index.</subfield>
  </datafield>
  <datafield tag="505" ind1="0" ind2=" ">
    <subfield code="a">A doctrine of anger and fear -- The greatest show on earth -- "We want to be barbarians" -- "Close your hearts to pity" -- Victory of the Caesars -- The fall -- Dictatorship of democracy -- "There are a lot of bodies up there" -- A difficult art -- President for life -- Erdo&#xFFFD;gan the Magnificent -- Man from the KGB -- "We are who we were" -- "The leader will always be with us" -- President of the United States -- Bad dreams -- The right questions.</subfield>
  </datafield>
  <datafield tag="520" ind1=" " ind2=" ">
    <subfield code="a">A Fascist, observes Madeleine Albright, 'is someone who claims to speak for a whole nation or group, is utterly unconcerned with the rights of others, and is willing to use violence and whatever other means are necessary to achieve the goals he or she might have.' The twentieth century was defined by the clash between democracy and Fascism, a struggle that created uncertainty about the survival of human freedom and left millions of innocent people dead. Given the horrors of that experience, one might expect the world to reject the spiritual successors to Hitler and Mussolini should they arise in our era. Albright draws on her experiences as a child in war-torn Europe and her distinguished career as a diplomat to question that very assumption. Fascism, Albright shows, not only endured through the course of the twentieth century, but now presents a more virulent threat to peace and justice than at any time since the end of World War II. The momentum toward democracy that swept the world when the Berlin Wall fell has gone into reverse. The United States, which has historically championed the free world, is led by a president who exacerbates popular divisions and heaps scorn on democratic institutions. In many countries, economic, technological, and cultural factors are weakening the political center and empowering the extremes of right and left. Contemporary leaders such as Vladimir Putin and Kim Jong-un are employing many of the same tactics used by Fascists in the 1920s and 30s. Written with wisdom by someone who has not only studied history but helped to shape it, this call to arms teaches us the lessons we must understand and the questions we must answer if we are to save ourselves from repeating the tragic errors of the past.</subfield>
  </datafield>
  <datafield tag="541" ind1=" " ind2=" ">
    <subfield code="a">Mr. Farid Khamis ;</subfield>
  </datafield>
  <datafield tag="600" ind1="1" ind2="7">
    <subfield code="a">Albright, Madeleine Korbel.</subfield>
    <subfield code="2">BUEsh</subfield>
  </datafield>
  <datafield tag="650" ind1=" " ind2="7">
    <subfield code="a">Fascism</subfield>
    <subfield code="x">History.</subfield>
    <subfield code="2">BUEsh</subfield>
  </datafield>
  <datafield tag="650" ind1=" " ind2="7">
    <subfield code="a">World politics</subfield>
    <subfield code="y">20th century.</subfield>
    <subfield code="2">BUEsh</subfield>
  </datafield>
  <datafield tag="651" ind1=" " ind2="7">
    <subfield code="a">United States</subfield>
    <subfield code="x">Politics and government</subfield>
    <subfield code="y">2017-</subfield>
    <subfield code="2">BUEsh</subfield>
  </datafield>
  <datafield tag="653" ind1=" " ind2=" ">
    <subfield code="b">BUSBOL</subfield>
    <subfield code="c">May2019</subfield>
  </datafield>
  <datafield tag="700" ind1="1" ind2=" ">
    <subfield code="a">Woodward, William,</subfield>
    <subfield code="d">1951-</subfield>
  </datafield>
  <datafield tag="942" ind1=" " ind2=" ">
    <subfield code="2">ddc</subfield>
  </datafield>
  <datafield tag="952" ind1=" " ind2=" ">
    <subfield code="0">0</subfield>
    <subfield code="1">0</subfield>
    <subfield code="2">ddc</subfield>
    <subfield code="4">0</subfield>
    <subfield code="7">0</subfield>
    <subfield code="8">Donation-G</subfield>
    <subfield code="a">MAIN</subfield>
    <subfield code="b">MAIN</subfield>
    <subfield code="c">1ST</subfield>
    <subfield code="d">2019-06-01</subfield>
    <subfield code="e">Donation</subfield>
    <subfield code="l">0</subfield>
    <subfield code="o">320.533 ALB</subfield>
    <subfield code="p">000047901</subfield>
    <subfield code="r">2025-07-15 00:00:00</subfield>
    <subfield code="y">BB</subfield>
  </datafield>
</record>
